| 000 | 01125cam a22002054a 4500 | ||
|---|---|---|---|
| 005 | 20250605163353.0 | ||
| 008 | 250528s ||||||||||||||||||||||||d | ||
| 035 | _a17788 | ||
| 020 | _a9789603518785 | ||
| 040 |
_aGR-AtMCL _bgre _dGR-AtMCL _eAACR2 |
||
| 245 | 1 | _aΝαυλώσεις | |
| 260 |
_bΣταμούλης Α, _c2011 |
||
| 300 | _a756 | ||
| 520 | _aΕυχαριστίες, Εισαγωγικές Έννοιες και Ορισμοί, Τα Κύρια Κέντρα Ναυλώσεων Baltic Exchange, Οι Διεθνείς Ναυτιλιακοί Οργανισμοί που Σχετίζονται με Ναυλώσεις, Ναυλοδείκτες, Η Εξέλιξη της Ναυλαγοράς, Είδη Ναυλώσεων, Διαδικασίες Ναυλώσεων, Ανάλυση Ναυλοσυμφώνων, Αγοραπωλησίες Πλοίων, Αρθρογραφία - Βιβλιογραφία - Διαδίκτιο, Ευρετήριο Πινάκων και Διαγραμμάτων. | ||
| 700 | 1 | _aΒλάχος Γ. Π | |
| 700 | 1 | _aΨυχού Ε | |
| 942 | _cBK | ||
| 999 |
_c3188 _d3188 |
||